LEADER 01056nam0-22003131i-450- 001 990000072640403321 035 $a000007264 035 $aFED01000007264 035 $a(Aleph)000007264FED01 035 $a000007264 100 $a20011111d--------km-y0itay50------ba 101 0 $aita 105 $ay-------001yy 200 1 $a<>kranke Pumpe und kranke Kompressor$eerste Hilfe bei Betriebsstorungen$epraktisches Handbuch fur Betrieb undWartunf der Pumpen und Kompressoren$faus der Praxis fr die Praxis von Herm. Haeder$gbearbeitet und herausgegeben von Walter Haeder. 210 $aWiesbaden$cO. Haeder$d1921 215 $aVIII, 180 p.$cill.$d20 cm 225 1 $aHaeders Hilfsbucher fr Maschinenbau$v42 610 0 $aPompe 610 0 $aCompressori 676 $a621.6 700 1$aHaeder,$bHermann$04908 801 0$aIT$bUNINA$gRICA$2UNIMARC 901 $aBK 912 $a990000072640403321 952 $a13 L 21 20$b6233$fFINBC 959 $aFINBC 996 $aKranke Pumpe und kranke Kompressor$9110638 997 $aUNINA DB $aING01 LEADER 01529nam a2200373 a 4500 001 991001806259707536 008 120913s2011 enka 000 0 eng d 020 $a9780521149761 (v. 1) 020 $a9781107648814 (v. 2) 035 $ab14073584-39ule_inst 040 $aDip.to Matematica e Fisica$beng 082 00$a511.34 084 $aAMS 14E18 084 $aAMS 14G22 084 $aAMS 03C60 084 $aLC QA9.7.M68 245 00$aMotivic integration and its interactions with model theory and non-Archimedean geometry /$cedited by Raf Cluckers, Johannes Nicaise, Julien Sebag 260 $aCambridge ;$aNew York :$bCambridge University Press,$c2011 300 $a2 v. :$bill. ;$c23 cm 440 0$aLondon Mathematical Society lecture note series,$x0076-0552 ;$v383-384 650 0$aModel theory 650 0$aValued fields 650 0$aAnalytic spaces 650 0$aGeometry, Algebraic 700 1 $aCluckers, Raf 700 1 $aNicaise, Johannes 700 1 $aSebag, Julien 907 $a.b14073584$b02-10-12$c13-09-12 912 $a991001806259707536 945 $aLE013 14E CLU11 V.I (2011)$cV. 1$g1$i2013000216010$lle013$op$pE57.44$q-$rl$s- $t0$u0$v0$w0$x0$y.i15443553$z26-09-12 945 $aLE013 14E CLU11 V.II (2011)$cV. 2$g1$i2013000216027$lle013$op$pE51.06$q-$rl$s- $t0$u0$v0$w0$x0$y.i15443565$z26-09-12 996 $aMotivic integration and its interactions with model theory and non-Archimedean geometry$9239998 997 $aUNISALENTO 998 $ale013$b13-09-12$cm$da $e-$feng$genk$h0$i0 LEADER 02544oam 2200529 450 001 9910713077303321 005 20200317152843.0 035 $a(CKB)5470000002499427 035 $a(OCoLC)1099435296 035 $a(EXLCZ)995470000002499427 100 $a20190429d2019 ua 0 101 0 $aeng 135 $aurnn||||||||| 181 $ctxt$2rdacontent 182 $cc$2rdamedia 183 $acr$2rdacarrier 200 10$aAudit of the Federal Bureau of Investigation's management of maritime terrorism threats /$fOffice of the Inspector General, U.S. Department of Justice, Audit Division 210 1$aWashington, DC :$cU.S. Department of Justice, Office of the Inspector General,$d2019. 215 $a1 online resource (ii, 33 pages) 300 $a"Audit Division 19-18." 300 $a"March 2019." 300 $a"... an audit of the Federal Bureau of Investigation's (FBI) roles and responsibilities for: (1) assessing Maritime terrorism threats and (2) coordinating with the Department of Homeland Security (DHS) components in ensuring seaport security. Unless otherwise stated, the audit focused on activities from October 2012 through July 2017." -- Executive summary. 300 $a"... the DHS components with Maritime related responsibilities include the United States Coast Guard (USCG), Customs and Border Protection (CBP), and Transportation Security Administration." -- Page 1. 300 $aIncludes tables. 300 $aReport includes Federal Bureau of Investigation's response to the draft report. 517 1 $aRedacted for public release 606 $aMaritime terrorism$zUnited States$xPrevention$xEvaluation 606 $aHarbors$xSecurity measures$zUnited States 606 $aPorts of entry$xSecurity measures$zUnited States 606 $aInteragency coordination$zUnited States$xEvaluation 606 $aNational security$zUnited States 606 $aManagement audit 615 0$aMaritime terrorism$xPrevention$xEvaluation. 615 0$aHarbors$xSecurity measures 615 0$aPorts of entry$xSecurity measures 615 0$aInteragency coordination$xEvaluation. 615 0$aNational security 615 0$aManagement audit. 712 02$aUnited States.$bDepartment of Justice.$bOffice of the Inspector General, 801 0$bZCY 801 1$bZCY 801 2$bOCLCF 801 2$bGPO 906 $aBOOK 912 $a9910713077303321 996 $aAudit of the Federal Bureau of Investigation's management of maritime terrorism threats$93353544 997 $aUNINA